STN EN ISO 12001: 2009 (01 1622) Akustika. Hluk strojov a zariadení. Pravidlá na tvorbu a prezentáciu skúšobných postupov na určovanie hluku (ISO 12001: 1996)
Táto norma je slovenskou verziou európskej normy EN Preklad zabezpečil Slovenský ústav technickej normalizácie. Má rovnaké postavenie ako majú oficiálne verzie
| Corporate Author: | |
|---|---|
| Other Authors: | , |
| Format: | Book |
| Language: | Slovak English |
| PhysicalDescription: | 24 s. obr., tab. 30 cm |
| Published: |
Bratislava
Slovenský ústav technickej normalizácie
2009
|
| Subjects: |
MARC
| LEADER | 00000nam a2200000 a 4500 | ||
|---|---|---|---|
| 001 | vtls010030193 | ||
| 003 | SK-MaSNL | ||
| 005 | 20260302010927.0 | ||
| 008 | 160624s2009 xo ka f u 000 0 slo | ||
| 015 | |a SNBN2010/02-01360 | ||
| 020 | |c (cen. skup. 12) | ||
| 040 | |a SNK |b slo |c SNK |e AACR2 | ||
| 041 | 1 | |a slo |h eng | |
| 044 | |a xo |c SK | ||
| 046 | |a s |m 200912 (účin.) | ||
| 072 | 7 | |a 534 |x Mechanické kmity. Akustika |2 konspekt | |
| 072 | 7 | |a 614.8 |x Úrazy a ich prevencia |2 konspekt | |
| 080 | |a 534.6 |2 2001 | ||
| 080 | |a 534.8 |2 2001 | ||
| 080 | |a 006.7/.8 |2 2001 | ||
| 080 | |a (437.6) |2 2001 | ||
| 080 | |a (4) |2 2001 | ||
| 084 | |a 17.140.20 |2 ICS | ||
| 130 | 0 | |a STN 01 1622 (STN EN ISO 12001) |9 650696 | |
| 245 | 1 | 0 | |a STN EN ISO 12001: 2009 (01 1622) Akustika. Hluk strojov a zariadení. Pravidlá na tvorbu a prezentáciu skúšobných postupov na určovanie hluku (ISO 12001: 1996) |c spracovateľ MIND Piešťany, Ivan Pobjecký, Ladislav Mihalčík |
| 246 | 1 | 0 | |a Akustika |
| 246 | 1 | 0 | |a Hluk strojov a zariadení |
| 246 | 1 | 0 | |a Pravidlá na tvorbu a prezentáciu skúšobných postupov na určovanie hluku (ISO 12001: 1996) |
| 246 | 3 | 0 | |a EN ISO 12001: 2009 E |
| 246 | 3 | 0 | |a ISO 12001: 1996 |
| 260 | |a Bratislava |b Slovenský ústav technickej normalizácie |c 2009 | ||
| 300 | |a 24 s. |b obr., tab. |c 30 cm | ||
| 500 | |a Súbežný názov v angličtine, francúzštine, nemčine | ||
| 500 | |a Táto norma nahrádza STN EN ISO 12001 + AC z októbra 1999 v celomrozsahu. STN EN ISO 12001 + AC z októbra 1999 sa môže súbežne s touto normou používať do 28.12.2009 | ||
| 504 | |a Citované normy, súvisiace právne predpisy s. 2 ; literatúra s. 24 | ||
| 520 | 8 | |a Táto norma je slovenskou verziou európskej normy EN Preklad zabezpečil Slovenský ústav technickej normalizácie. Má rovnaké postavenie ako majú oficiálne verzie | |
| 540 | |a STN vydané na akomkoľvek nosiči sa môžu rozmnožovať a rozširovať iba so súhlasom určenej právnickej osoby |b SÚTN Bratislava |c zákon 264/1999 Z.z. | ||
| 650 | 0 | 7 | |a akustika |2 SVKBBPH |9 705 |
| 650 | 0 | 7 | |a hluk |2 SVKBBPH |9 3699 |
| 650 | 0 | 7 | |a akustické merania |2 SVKBBPH |9 88481 |
| 650 | 0 | 7 | |a technické normy a štandardy |z Slovensko |2 SVKBBPH |9 79594 |
| 650 | 0 | 7 | |a technické normy a štandardy |z krajiny Európskej únie |2 SVKBBPH |9 289341 |
| 655 | 7 | |a normy |2 SVKBBPH |9 70643 | |
| 700 | 1 | |a Pobjecký, Ivan |4 trl |9 312134 | |
| 700 | 1 | |a Mihalčík, Ladislav |4 trl |9 410170 | |
| 710 | 2 | |a MIND (Piešťany, Slovensko) |4 aut |9 312136 | |
| 710 | 2 | |a Slovenský ústav technickej normalizácie (Bratislava, Slovensko) |b TK 21 Akustika a mechanické kmitanie |4 stn |9 410171 | |
| 958 | |a OP | ||
| 958 | |a NB | ||
| 999 | |c 1004232 |d 1006162 | ||
| 952 | |a SNK |b SNK |y PREZ |7 0 |p 17A0646178 |o snkSTN EN ISO 12001 |i snk2010/3565 |8 0 |0 0 |1 0 |4 0 |d 2010-02-22 |l 0 |r 2026-02-24 12:31:01 |w 2026-02-24 | ||
| 952 | |a SNK |b SNK |y PREZ |7 0 |p 17A0646179 |o snkSTN EN ISO 12001 D1 |i snk2010/3566 |8 0 |0 0 |1 0 |4 0 |d 2010-02-22 |l 0 |r 2026-02-24 12:31:01 |w 2026-02-24 | ||


